000 00470nam a2200169 4500
003 DO-SdBNP
005 20161103103822.0
008 161103b1993 ec|||| |||| 00| 0 spa d
020 _a9580421900
040 _aBPMSU
_bspa
_cBPMSU
100 _aCork, B. Taylor
245 _aAprende a ser un buen meteorólogo /
_cB. Taylor Cork
260 _aQuito, Ecuador :
_bParramón, Norma,
_c1993
300 _a32 p. :
_bil. :
_c29 cm
942 _2ddc
_cBK
956 _adgarcia
999 _c11770
_d11770